Ponuky na mieru musia stáť na dôvere
Príprava ponúk na mieru ako nevyhnutná podmienka úspechu. Okrem segmentácie sa firmy musia spoliehať aj na personalizáciu s pomocou umelej inteligencie. Kľúčovým prvkom je dôvera.
Guardado en:
| Autor principal: | |
|---|---|
| Formato: | Capítulo de libro |
| Lenguaje: | eslovaco |
| Materias: | |
| Etiquetas: |
Sin Etiquetas, Sea el primero en etiquetar este registro!
|
MARC
| LEADER | 00000naa a2200000 4500 | ||
|---|---|---|---|
| 001 | 0257066 | ||
| 005 | 20190712122412.3 | ||
| 041 | 0 | |a slo | |
| 044 | |a SK | ||
| 245 | 1 | 0 | |a Ponuky na mieru musia stáť na dôvere |c Martin Dudek |
| 520 | |a Príprava ponúk na mieru ako nevyhnutná podmienka úspechu. Okrem segmentácie sa firmy musia spoliehať aj na personalizáciu s pomocou umelej inteligencie. Kľúčovým prvkom je dôvera. | ||
| 610 | 2 | 0 | |a segmentácia trhu |
| 610 | 2 | 0 | |a spokojnosť zákazníkov |
| 610 | 2 | 0 | |a zákazníci |
| 610 | 2 | 0 | |a riadenie vzťahov so zákazníkmi |
| 100 | 1 | |a Dudek, Martin | |